000 00969nam a22001937a 4500
003 OSt
005 20251206141439.0
008 251206b |||||||| |||| 00| 0 eng d
040 _cDCL
082 _a၂၉၄.၃၄၃၅၀၉
100 0 _aမောင်မောင်တင်။
245 1 0 _aမန္တလေး မဟာမုနိဘုရားကြီးသမိုင်း /
_cဦးမောင်မောင်တင်။
250 _aပဥ္စမအကြိမ်။
264 _aမန္တလေး ၊
_bမဟာမုနိဘုရားကြီး ဂေါပကအဖွဲ့၊
_c၂၀၁၈။
300 _aစ၊ ၂၀၀ စာမျက်နှာ ၊
_c၂၅ စင်တီ။
504 _aကျမ်းကိုးစာရင်းပါဝင်သည်။
650 _aမဟာမုနိဘုရားကြီး
_xသမိုင်း
942 _2ddc
_cSHORT TERM
_n0
999 _c2663
_d2663